000 00732nam a2200229Ia 4500
003 GCL
008 140319s9999 xx 000 0 ara d
040 _aGCL /
_cGCL
082 0 4 _a364.13
_bم د
100 1 _aمحمد طلبة زايد
245 1 0 _aديوان الجنايات - الخمر - القذف - السرقة - الزنا - الردة - الحرابة - المارقون - البغاه /
_cمحمد طلبة زايد
260 _a[S.N] :
_bالمجالس ،
_c1982
300 _a642 ص
490 _a
650 0 4 _aالقانون
650 0 4 _aالجريمة والمجرمون
650 0 4 _aالسرقة
650 0 4 _aالجنايات
650 0 4 _aالقذف
650 0 4 _aالبغاء
942 _2ddc
_cBK
999 _c54707
_d54707